000 00234nam a2200097Ia 4500
008 240331s9999 xx 000 0 und d
082 _bRAG
100 _aRaghavan, M.D
245 4 _aThe karava of Ceylon :
_bsociety and culture
942 _cL
999 _c1971
_d1971